[Event "Peterborough 4NCL Easter U1700 op"]
[Site "Peterborough"]
[Date "2024.04.01"]
[Round "6"]
[White "Cuthbert, Larissa"]
[Black "Fraser, Chris A"]
[Result "1/2-1/2"]
[WhiteElo "1605"]
[BlackElo "1626"]
[PlyCount "53"]
[EventDate "2024.03.29"]
[EventType "swiss"]
[EventRounds "7"]
[EventCountry "ENG"]
[SourceTitle "CBM 219 Extra"]
[Source "ChessBase"]
[SourceDate "2024.05.31"]
[SourceVersion "1"]
[SourceVersionDate "2024.05.31"]
[SourceQuality "1"]

1. d4 Nf6 2. c4 e6 3. Nc3 Bb4 4. Qc2 Nc6 5. Nf3 d6 6. Bg5 h6 7. Bd2 0-0 8. e3 Qe7 9. Bd3 e5 10. dxe5 dxe5 11. Ne4 b6 12. 0-0 Bb7 13. a3 Bxd2 14. Nfxd2 Nb8 15. c5 Nxe4 16. Nxe4 Ba6 17. cxb6 Bxd3 18. Qxd3 cxb6 19. Rac1 Rd8 20. Qb1 Nd7 21. Rfd1 Nf6 22. Nxf6+ Qxf6 23. Qe4 Qe7 24. Re1 Rac8 25. Rxc8 Rxc8 26. Rd1 Qc7 27. Qd3 1/2-1/2

[Event "Stevenage 4NCL Easter op U20 1st"]
[Site "Stevenage"]
[Date "2019.04.21"]
[Round "5"]
[White "Fraser, Chris A"]
[Black "Wallman, James"]
[Result "1-0"]
[WhiteElo "1442"]
[BlackElo "1601"]
[PlyCount "36"]
[EventDate "2019.04.19"]
[EventType "swiss"]
[EventRounds "7"]
[EventCountry "ENG"]
[SourceTitle "EXT 2025"]
[Source "ChessBase"]
[SourceDate "2024.10.14"]
[SourceVersion "1"]
[SourceVersionDate "2024.10.14"]
[SourceQuality "1"]

1. e4 e5 2. Nf3 Nc6 3. d4 exd4 4. Bc4 h6 5. 0-0 Bc5 6. c3 dxc3 7. Bxf7+ Kf8 8. Nxc3 d6 9. Bc4 Nf6 10. e5 Nh7 11. Qd5 Qe7 12. exd6 Bxd6 13. Re1 Nf6 14. Qd3 Ne5 15. Nxe5 Bxe5 16. Bf4 Nd7 17. Qc2 Qc5 18. Bxe5 Nxe5 1-0

[Event "Torquay Paignton Walker op"]
[Site "Torquay"]
[Date "2018.09.08"]
[Round "7"]
[White "Fraser, Chris A"]
[Black "Huba, Mark J"]
[Result "1-0"]
[WhiteElo "119"]
[BlackElo "117"]
[PlyCount "69"]
[EventDate "2018.09.02"]
[EventType "swiss"]
[EventRounds "7"]
[EventCountry "ENG"]
[SourceTitle "CBM 187 Extra"]
[Source "ChessBase"]
[SourceDate "2018.11.04"]
[SourceVersion "1"]
[SourceVersionDate "2018.11.04"]
[SourceQuality "1"]

1. c4 e5 2. g3 c6 3. d4 exd4 4. Qxd4 Nf6 5. Qe3+ Be7 6. Bg2 0-0 7. Nf3 Bb4+ 8. Nc3 Re8 9. Qd3 d5 10. 0-0 dxc4 11. Qxc4 Bxc3 12. bxc3 Be6 13. Qb4 Qc8 14. Re1 Na6 15. Qb2 Nc5 16. Be3 Ncd7 17. Rab1 b6 18. Qc2 g6 19. Rbd1 Nd5 20. Bg5 f6 21. Bd2 Bf5 22. e4 Be6 23. exd5 Bxd5 24. c4 Bf7 25. Nd4 Nb8 26. Bh6 Rxe1+ 27. Rxe1 Qa6 28. Nxc6 Nxc6 29. Bxc6 Rc8 30. Bb5 Qb7 31. Ba4 Rxc4 32. Qe2 Rxa4 33. Qd2 Qc8 34. Qd6 Bxa2 35. Qxf6 1-0

[Event "WLS-ch Minor 64th"]
[Site "Cardiff"]
[Date "2018.03.30"]
[Round "2"]
[White "Fraser, Chris A"]
[Black "Christmas, Rosie"]
[Result "1-0"]
[WhiteElo "1622"]
[BlackElo "1133"]
[PlyCount "65"]
[EventDate "2018.03.30"]
[EventType "swiss"]
[EventRounds "7"]
[EventCountry "WLS"]
[SourceTitle "EXT 2021"]
[Source "ChessBase"]
[SourceDate "2020.10.23"]
[SourceVersion "1"]
[SourceVersionDate "2020.10.23"]
[SourceQuality "1"]

1. c4 e5 2. g3 Bc5 3. Bg2 d6 4. Nc3 Ne7 5. Nf3 h6 6. 0-0 0-0 7. d4 exd4 8. Nxd4 Bxd4 9. Qxd4 Nf5 10. Qd2 Nc6 11. b3 Bd7 12. Bb2 Re8 13. Rfe1 Rb8 14. Rad1 Qg5 15. Nd5 Qxd2 16. Rxd2 Rbc8 17. Bh3 Nce7 18. e4 Rcd8 19. exf5 Nxd5 20. Rxe8+ Rxe8 21. cxd5 Re1+ 22. Kg2 f6 23. Bg4 Kh7 24. Rc2 c6 25. dxc6 bxc6 26. Ba3 d5 27. Bb2 Kg8 28. Bh3 Kh7 29. Rd2 a6 30. Bd4 Kg8 31. g4 Kf7 32. Be3 Rc1 33. Rxd5 1-0

[Event "GBR-ch U1750 op 104th"]
[Site "Llandudno"]
[Date "2017.08.03"]
[Round "4"]
[White "Fraser, Chris A"]
[Black "McCulloch, Andrew"]
[Result "1-0"]
[WhiteElo "1592"]
[BlackElo "1465"]
[PlyCount "69"]
[EventDate "2017.07.31"]
[EventType "swiss"]
[EventRounds "5"]
[EventCountry "WLS"]
[SourceTitle "EXT 2019"]
[Source "ChessBase"]
[SourceDate "2018.10.10"]
[SourceVersion "1"]
[SourceVersionDate "2018.10.10"]
[SourceQuality "1"]

1. c4 e5 2. g3 Nf6 3. Bg2 Bc5 4. Nc3 0-0 5. e3 Nc6 6. Nge2 Rb8 7. d4 exd4 8. exd4 Be7 9. 0-0 b6 10. d5 Ne5 11. b3 c5 12. d6 Nc6 13. Bf4 Bb7 14. dxe7 Nxe7 15. Bxb8 Bxg2 16. Kxg2 Qxb8 17. Qd2 Qb7+ 18. Kg1 d5 19. cxd5 Nexd5 20. Nxd5 Nxd5 21. Rad1 Nf6 22. Rfe1 h6 23. Qf4 Qa6 24. Rd2 Re8 25. Qf3 c4 26. bxc4 Qxc4 27. Rc1 Qb4 28. Rdc2 Qb5 29. Nf4 Qf5 30. Qb7 Nd7 31. Rc8 Rxc8 32. Qxc8+ Kh7 33. Rd1 g5 34. Ng2 Kg6 35. Qxd7 1-0